01953cam a2200445 a 4500001001700000003000700017005001700024007000700041008004100048010001700089040004900106020003100155020002500186035002000211043001200231050002200243082002300265084001500288100002700303245006000330250002600390260004500416300003400461500008400495504003000579500002000609650001300629650001900642776013300661776013300794856009000927856010001017029002101117029001701138029002201155942000701177506015001184506015401334999001901488geishadalb00dalbCaSfIA20210118085355.0cr||||841030r19851983nyua b 001 0 eng  a 84040522  aDLCcDLCdBAKERdNLGGCdBTCTAdYDXCPdCaSfIA a0394728939 (pbk.) :c$8.95 a9780394728933 (pbk.) a(OCoLC)11399834 aa-ja---10aGT3412b.D34 198500a792.7/028/0952221 a74.212bcl1 aDalby, Liza Crihfield.10aGeisha /h[electronic resource] cLiza Crihfield Dalby. a1st Vintage Books ed. aNew York :bVintage Books,c1985, c1983. axix, 347 p. :bill. ;c21 cm. aReprint. Originally published: Berkeley : University of California Press, 1983. aBibliography: p. 337-339. aIncludes index. 0aGeishas.17aGeisha's.2gtt08iOnline version:aDalby, Liza Crihfield.tGeisha.b1st Vintage Books ed.dNew York : Vintage Books, 1985, c1983w(OCoLC)60497712708iOnline version:aDalby, Liza Crihfield.tGeisha.b1st Vintage Books ed.dNew York : Vintage Books, 1985, c1983w(OCoLC)60789763841uhttp://www.archive.org/details/geishadalb00dalbzFree eBook from the Internet Archive42uhttp://www.openlibrary.org/books/OL2867001MzAdditional information and access via Open Library1 aNLGGCb85190050X1 aNZ1b29086031 aAU@b000003592869 cEB fНеобхідна авторизація на https://archive.org/ (створення облікового запису безкоштовно) fНеобхідна авторизація на https://openlibrary.org/ (створення облікового запису безкоштовно) c500305d500305